书目信息 |
| 题名: |
数学物理方程
|
|
| 作者: | 吴方同 编著 | |
| 分册: | ||
| 出版信息: | 武汉 武汉大学出版社 2001.12 |
|
| 页数: | 205页 | |
| 开本: | 20cm | |
| 丛书名: | ||
| 单 册: | ||
| 中图分类: | O411.1 | |
| 科图分类: | ||
| 主题词: | 理论物理学 | |
| 电子资源: | ||
| ISBN: | 7-307-03344-5 | |
| 000 | 00549nam0 2200193 45 | |
| 001 | 0261255838 | |
| 005 | 2002040917005583 | |
| 010 | @a7-307-03344-5@dRMB 10.00 | |
| 100 | @a20020409d2001 km y0chiy0120 ea | |
| 101 | 0 | @achi |
| 102 | @aCN@b420000 | |
| 200 | 1 | @a数学物理方程@Ashu xue wu li fang cheng@f吴方同编著@Fwu fang tong bian zhu |
| 210 | @a武汉@c武汉大学出版社@d2001.12 | |
| 215 | @a205页@d20cm | |
| 606 | 0 | @a理论物理学 |
| 690 | @aO411.1@v3 | |
| 701 | 0 | @a吴方同@Awu fang tong@4编著 |
| 801 | 0 | @aCN@bPFT@c20020409 |
| 905 | @a10447@dO411.1@eW770 | |
| 数学物理方程/吴方同编著.-武汉:武汉大学出版社,2001.12 |
| 205页;20cm |
| ISBN 7-307-03344-5:RMB 10.00 |
| ● |
| 相关链接 |
|
|
|
正题名:数学物理方程
索取号:O411.1/W770
 
预约/预借
| 序号 | 登录号 | 条形码 | 馆藏地/架位号 | 状态 | 备注 |
| 1 | 358084 | 203580847 | 自科库401/401自科库 57排4列2层/ [索取号:O411.1/W770] | 在馆 | |
| 2 | 358085 | 203580856 | 自科库401/401自科库 57排4列2层/ [索取号:O411.1/W770] | 在馆 |